00387 a2200157 450000100060000002000180000604000370002410000210006124000470008224500420012930000080017136200090017965000170018894200070020599900170021275113 a9788541801256 cAnchieta - Colégio São Paulo aTaboada, Roberta10aAprender juntos matemática, 2º anolpor10aAprender juntos matemática, 2º ano a2970 a2013 4aMatemática cBK c75113d75113